|
|
|
|
| LEADER |
00000nam0a2200000 4500 |
| 001 |
246547 |
| 005 |
20231101232221.0 |
| 035 |
|
|
|a (RuTPU)RU\TPU\book\267998
|
| 090 |
|
|
|a 246547
|
| 100 |
|
|
|a 20131205d1987 m y0rusy50 ca
|
| 101 |
0 |
|
|a rus
|
| 102 |
|
|
|a RU
|
| 105 |
|
|
|a a j 001zy
|
| 200 |
1 |
|
|a Химический демонстрационный эксперимент с использованием графопроекции
|e [учебное пособие]
|f Рижский политехнический институт ; сост. М. А. Дрилле и М. М. Кинбер
|
| 210 |
|
|
|a Рига
|c Изд-во Рижского политехнического ин-та
|d 1987
|
| 215 |
|
|
|a 36 с.
|c ил.
|
| 320 |
|
|
|a Библиогр.: с. 34.
|
| 606 |
1 |
|
|a Химический эксперимент
|2 stltpush
|3 (RuTPU)RU\TPU\subj\72794
|9 86188
|
| 610 |
1 |
|
|a учебные процессы
|
| 610 |
1 |
|
|a интенсификация
|
| 610 |
1 |
|
|a методы обучения
|
| 610 |
1 |
|
|a проецирование
|
| 610 |
1 |
|
|a графопроекции
|
| 675 |
|
|
|a 542
|v 3
|
| 702 |
|
1 |
|a Дрилле
|b М. А.
|4 220
|
| 702 |
|
1 |
|a Кинбер
|b М. М.
|4 220
|
| 712 |
0 |
2 |
|a Рижский политехнический институт
|2 stltpush
|3 (RuTPU)RU\TPU\col\7561
|9 24345
|
| 801 |
|
1 |
|a RU
|b 63413507
|c 20131205
|
| 801 |
|
2 |
|a RU
|b 63413507
|c 20180202
|g RCR
|
| 942 |
|
|
|c BK
|